| 000 | 00946aab a2200193 i 4500 | ||
|---|---|---|---|
| 001 | 768714001 | ||
| 003 | CO-MdFUSB | ||
| 005 | 20240422092137.0 | ||
| 008 | 240417t1986 ag ||||| |||| 00| 0 spa d | ||
| 040 |
_bspa _cCO-MdFUSB |
||
| 041 | _aspa | ||
| 100 | 1 |
_aPadilla, C. René _eautor |
|
| 245 |
_aIglesia y Estado _c/ C. René Padilla |
||
| 300 |
_aVolumen 5, número 1, (marzo, 1986), páginas: 4 - 5 _c; 27 cm |
||
| 520 | _aEn los últimos años, los evangélicos de varias naciones latinoamericanas han estado cada vez más involucrados en el activismo político. En un nuevo capítulo, varios evangélicos han sido elegidos para altos cargos públicos que antes eran inalcanzables en el continente "católico, apostólico, romano" debido a su afiliación religiosa.. | ||
| 650 | 0 |
_aCristianismo y política _91250 |
|
| 773 | 0 |
_tIglesia y Misión _049402 _959679 _gVolumen 5, número 1, (marzo, 1986), páginas: 4 - 5 _qpágina: 4 |
|
| 942 | _cANA | ||
| 999 |
_c51640 _d51640 |
||